Т. 5, № 73; Полупроводниковая светотехника

Dettagli Bibliografici
Parent link:Полупроводниковая светотехника: научно-технический журнал. Т. 5, № 73.— , 2014.— 2079-9462
Riassunto:Режим доступа: по договору с организацией-держателем ресурса
Lingua:russo
Pubblicazione: 2021
Accesso online:https://www.elibrary.ru/contents.asp?id=47345018
Natura: MixedMaterials Elettronico Libro
KOHA link:https://koha.lib.tpu.ru/cgi-bin/koha/opac-detail.pl?biblionumber=586812

MARC

LEADER 00000nam2a2200000 4500
001 586812
005 20231101131424.0
035 |a (RuTPU)RU\TPU\prd\289404 
035 |a RU\TPU\prd\289217 
090 |a 586812 
100 |a 20211222a20099999k y0rusy50 ca 
101 0 |a rus 
102 |a RU 
181 0 |a i  
182 0 |a b 
200 0 |a Т. 5, № 73  |b Электронный ресурс 
203 |a Текст  |c электронный 
210 |d 2021 
333 |a Режим доступа: по договору с организацией-держателем ресурса 
461 1 |0 (RuTPU)RU\TPU\prd\279415  |x 2079-9462  |t Полупроводниковая светотехника  |o научно-технический журнал  |v Т. 5, № 73  |d 2014 
801 0 |a RU  |b 63413507  |c 20010227  |g PSBO 
801 1 |a RU  |b 63413507  |c 20160324 
801 2 |a RU  |b 63413507  |c 20211222  |g RCR 
856 4 0 |u https://www.elibrary.ru/contents.asp?id=47345018 
942 |c BK